00722nai a2200193Ia 4500003000900000008004100009022002200050022002300072040001600095245004000111260003600151310001200187362002500199521006900224856007100293942000700364999001700371952014000388IN-BaIIA211028c9999 xx s 000 0 eng d a1528-7483 (Print) a1528-7505 (Online) cIIA Library 0aCrystal Growth & Designh[eJournal] aWashington DCbACS Publications aMonthly a1(1); 2001 - Present bSubscribed through National Knowledge Resource Consortium (NKRC) uhttps://pubs.acs.org/journal/cgdefuyClick Here to Access eJournal cEJ c34257d34257 00104070aBANbBANd2009-01-01eNKRCh1(1); 2001 - Presentl0pEJ341r2021-11-05uhttps://pubs.acs.org/journal/cgdefuw2021-11-05yEJ